[Event "Ruhrgebiet Verbandsliga2 1011"]
[Site "Nordrheinwestfalen"]
[Date "2011.04.10"]
[Round "9.2"]
[White "Bollwerk, Markus"]
[Black "Limbourg, Philipp"]
[Result "0-1"]
[WhiteElo "2076"]
[BlackElo "2089"]
[PlyCount "124"]
[EventDate "2010.09.12"]
[EventType "team-tourn"]
[EventRounds "9"]
[EventCountry "GER"]
[SourceTitle "EXT 2020"]
[Source "ChessBase"]
[SourceDate "2019.10.17"]
[SourceVersion "1"]
[SourceVersionDate "2019.10.17"]
[SourceQuality "1"]
[WhiteTeam "Eichlinghofen SV"]
[BlackTeam "Muelheim Nord III"]
[WhiteTeamCountry "GER"]
[BlackTeamCountry "GER"]

1. g3 c5 2. Bg2 Nc6 3. d3 g6 4. e4 Bg7 5. f4 d6 6. Nf3 Qd7 7. a4 b6 8. 0-0 Bb7 9. c3 e6 10. Na3 Nge7 11. Be3 0-0 12. Qe2 Na5 13. Qc2 Rac8 14. b3 Nac6 15. Bf2 h6 16. Rad1 a6 17. Rfe1 Rfd8 18. Qb2 Qc7 19. Rc1 Qb8 20. Qb1 Ba8 21. Bf1 d5 22. e5 d4 23. Nd2 dxc3 24. Ne4 Nb4 25. Rxc3 Nf5 26. Nc4 Bf8 27. Bg2 b5 28. Nb2 Nd4 29. Nd1 Kh8 30. Ne3 Be7 31. h3 Nd5 32. Nxd5 Bxd5 33. axb5 Qxb5 34. b4 a5 35. bxa5 Ne2+ 36. Kf1 Nxc3 37. Nxc3 Bxg2+ 38. Kxg2 Qxb1 39. Rxb1 Rxd3 40. Na4 Ra8 41. Rb5 Ra3 42. Nxc5 Bxc5 43. Rxc5 R3xa5 44. Rxa5 Rxa5 45. Kf3 Ra4 46. Be3 Rc4 47. Kf2 Kg7 48. Kf3 h5 49. Bb6 Rc3+ 50. Be3 Kf8 51. Kf2 Ke7 52. Kf3 Kd7 53. Ke4 Kc6 54. Kd4 Ra3 55. Ke4 Ra2 56. Bd4 Ra4 57. g4 Rb4 58. gxh5 gxh5 59. h4 Ra4 60. Ke3 Kd5 61. Bb6 Ra3+ 62. Kf2 Ke4 0-1

[Event "Ruhrgebiet Verbandsliga2 1011"]
[Site "Nordrheinwestfalen"]
[Date "2011.01.16"]
[Round "5.2"]
[White "Bollwerk, Markus"]
[Black "Kemna, Guido"]
[Result "0-1"]
[WhiteElo "2076"]
[BlackElo "2218"]
[PlyCount "110"]
[EventDate "2010.09.12"]
[EventType "team-tourn"]
[EventRounds "9"]
[EventCountry "GER"]
[SourceTitle "EXT 2020"]
[Source "ChessBase"]
[SourceDate "2019.10.17"]
[SourceVersion "1"]
[SourceVersionDate "2019.10.17"]
[SourceQuality "1"]
[WhiteTeam "Eichlinghofen SV"]
[BlackTeam "Welper SV"]
[WhiteTeamCountry "GER"]
[BlackTeamCountry "GER"]

1. g3 Nf6 2. Bg2 d5 3. d3 c6 4. Nd2 e5 5. e4 Bg4 6. Ngf3 Bc5 7. h3 Bxf3 8. Qxf3 Nbd7 9. 0-0 0-0 10. Qe2 dxe4 11. dxe4 Qe7 12. a4 a6 13. a5 Ne8 14. Nc4 Nc7 15. Kh1 f5 16. exf5 Rxf5 17. g4 Rf7 18. f4 exf4 19. Qxe7 Rxe7 20. Bxf4 Nd5 21. Bxd5+ cxd5 22. Nd6 Bxd6 23. Bxd6 Re2 24. Rf5 Nf6 25. Raf1 h6 26. g5 Ne4 27. Be5 Nxg5 28. h4 Ne6 29. R1f2 Rxf2 30. Rxf2 Rd8 31. Kg2 Rd7 32. Rd2 Nc5 33. b4 Ne4 34. Rd3 Kf7 35. Bd4 Rc7 36. c3 Ke6 37. Rf3 Rf7 38. Rxf7 Kxf7 39. Kf3 g6 40. Kf4 Ke6 41. Kg4 Kd6 42. Kf4 g5+ 43. hxg5 Nxg5 44. Kf5 Nf3 45. Bg7 h5 46. Kf4 Nd2 47. Kg5 Kc6 48. Kxh5 Kb5 49. Kg5 Kc4 50. Kf5 Ne4 51. Ke6 Nxc3 52. Kd7 d4 53. Kc7 d3 54. Bh6 Ne4 55. Kxb7 Kb5 0-1

[Event "Ruhrgebiet Verbandsliga2 1011"]
[Site "Nordrheinwestfalen"]
[Date "2010.10.31"]
[Round "3.2"]
[White "Bollwerk, Markus"]
[Black "Steinle, Carsten"]
[Result "1-0"]
[WhiteElo "2076"]
[BlackElo "2057"]
[PlyCount "102"]
[EventDate "2010.09.12"]
[EventType "team-tourn"]
[EventRounds "9"]
[EventCountry "GER"]
[SourceTitle "EXT 2020"]
[Source "ChessBase"]
[SourceDate "2019.10.17"]
[SourceVersion "1"]
[SourceVersionDate "2019.10.17"]
[SourceQuality "1"]
[WhiteTeam "Eichlinghofen SV"]
[BlackTeam "Ahlen SV"]
[WhiteTeamCountry "GER"]
[BlackTeamCountry "GER"]

1. g3 Nf6 2. Bg2 d5 3. d3 e6 4. Nd2 Be7 5. e4 0-0 6. e5 Nfd7 7. f4 f6 8. exf6 Bxf6 9. Nh3 c6 10. Nf3 e5 11. 0-0 Na6 12. c3 Re8 13. Kh1 Nc7 14. Rb1 Nb5 15. g4 exf4 16. Nxf4 g6 17. c4 Nc7 18. cxd5 Nxd5 19. Nxd5 cxd5 20. Bf4 Nc5 21. h3 Be6 22. b4 Nd7 23. Qd2 Rc8 24. Ng5 Nb6 25. Nxe6 Rxe6 26. Rbc1 Rxc1 27. Rxc1 Qe8 28. Bf3 Bd4 29. Qg2 Kh8 30. Rf1 Re1 31. Bd2 Rxf1+ 32. Qxf1 Qf8 33. Kg2 Kg7 34. Qc1 Qd6 35. Qe1 Kf7 36. Qh4 Kg8 37. Qg5 Bf6 38. Qe3 Kf7 39. Qh6 Kg8 40. Qe3 Kf7 41. a4 Nxa4 42. Qxa7 Qc6 43. g5 Be5 44. Qa5 Nb6 45. Qc5 Qxc5 46. bxc5 Na4 47. Bxd5+ Ke7 48. Be3 Nc3 49. Bxb7 Ke6 50. Kf3 Nd5 51. Bc8+ Ke7 1-0

[Event "Ruhrgebiet VK1 0405"]
[Site "Ruhrgebiet"]
[Date "2005.01.30"]
[Round "6.1"]
[White "Bollwerk, Markus"]
[Black "Beckmann, Klaus2222"]
[Result "1/2-1/2"]
[WhiteElo "2019"]
[BlackElo "2138"]
[PlyCount "165"]
[EventDate "2004.09.12"]
[EventType "team"]
[EventRounds "9"]
[EventCountry "GER"]
[SourceTitle "EXT 2006"]
[Source "ChessBase"]
[SourceDate "2005.11.24"]
[SourceVersion "1"]
[SourceVersionDate "2005.11.24"]
[SourceQuality "1"]
[WhiteTeam "Dortmund 1926"]
[BlackTeam "Recklinghausen Sued"]
[WhiteTeamCountry "GER"]
[BlackTeamCountry "GER"]

1. g3 d5 2. Bg2 g6 3. d3 Bg7 4. Nd2 d4 5. e4 dxe3 6. fxe3 Nh6 7. Ngf3 0-0 8. 0-0 e5 9. e4 Nc6 10. Nc4 f6 11. Kh1 Be6 12. Be3 Qd7 13. Ncd2 Rad8 14. Nb3 b6 15. Nc1 Nd4 16. Nxd4 exd4 17. Bf4 Nf7 18. a4 c5 19. b3 Ne5 20. Ne2 g5 21. Bd2 h6 22. Ng1 f5 23. exf5 Rxf5 24. Rxf5 Bxf5 25. h3 Re8 26. Qf1 Be6 27. Re1 Nf7 28. Kh2 Be5 29. Qf3 Qd6 30. Ne2 Kg7 31. Qc6 Bd7 32. Qf3 Bf6 33. Ng1 g4 34. Qd5 Rxe1 35. Bxe1 Qxd5 36. Bxd5 Bg5 37. h4 Be3 38. Ne2 Ne5 39. Kg2 Bc6 40. Be4 Bxe4+ 41. dxe4 Nf3 42. Bf2 Bxf2 43. Kxf2 Nd2 44. e5 Ne4+ 45. Kg2 Kg6 46. Nf4+ Kf5 47. e6 Ke5 48. h5 a6 49. Kg1 Kd6 50. Kg2 Nc3 51. Kh2 b5 52. axb5 axb5 53. Nd3 Ne4 54. Nf4 Ng5 55. Nd5 Nxe6 56. Nf6 c4 57. bxc4 bxc4 58. Nxg4 Ng5 59. Kg2 Kd5 60. Kf2 c3 61. Ke1 Ne4 62. Nxh6 Nxg3 63. Ng4 Nxh5 64. Ke2 Ng3+ 65. Kd3 Ne4 66. Ke2 Nc5 67. Nh2 Kc4 68. Nf3 Ne6 69. Ne5+ Kd5 70. Nd3 Nc7 71. Kd1 Nb5 72. Ke2 Na3 73. Kd1 Nc4 74. Nb4+ Ke4 75. Kc1 Ne3 76. Nc6 Kd5 77. Nb4+ Kc4 78. Nd3 Kb5 79. Ne5 Ka4 80. Nc6 Nf5 81. Ne5 Ka3 82. Kb1 Ne3 83. Nc6 1/2-1/2

[Event "Ruhrgebiet VK1 0405"]
[Site "Ruhrgebiet"]
[Date "2004.11.07"]
[Round "3.1"]
[White "Bollwerk, Markus"]
[Black "Nalepa, Daniel"]
[Result "1/2-1/2"]
[WhiteElo "2019"]
[BlackElo "1982"]
[PlyCount "84"]
[EventDate "2004.09.12"]
[EventType "team"]
[EventRounds "9"]
[EventCountry "GER"]
[SourceTitle "EXT 2006"]
[Source "ChessBase"]
[SourceDate "2005.11.24"]
[SourceVersion "1"]
[SourceVersionDate "2005.11.24"]
[SourceQuality "1"]
[WhiteTeam "Dortmund 1926"]
[BlackTeam "Altenessen II"]
[WhiteTeamCountry "GER"]
[BlackTeamCountry "GER"]

1. g3 d5 2. Bg2 Nf6 3. d3 e6 4. Nd2 c6 5. e4 Nbd7 6. Ngf3 Qc7 7. Qe2 dxe4 8. dxe4 e5 9. 0-0 Be7 10. Nh4 g6 11. b3 Nh5 12. Nhf3 0-0 13. Bb2 Bf6 14. Ba3 Rd8 15. Nc4 Nb6 16. Ne3 Be6 17. h3 h6 18. Ne1 Nf4 19. gxf4 exf4 20. Rb1 fxe3 21. Qxe3 Bg7 22. Nd3 Re8 23. Qf3 Nd7 24. Nf4 Ne5 25. Qg3 Qa5 26. Bb2 Qxa2 27. Bc3 Qa3 28. Nh5 Nf3+ 29. Qxf3 Bxc3 30. Qxc3 gxh5 31. f4 f5 32. Rf3 Qe7 33. Re1 Bd5 34. Ree3 fxe4 35. Rg3+ Kh7 36. Bxe4+ Bxe4 37. Rxe4 Qf7 38. Qd3 Kh8 39. Qd6 Qf8 40. Qd4+ Kh7 41. Qd3 Rxe4 42. Qxe4+ Kh8 1/2-1/2